[Event "FIDE World Rapid Team"]
[Site "Almaty KAZ"]
[Date "2024.08.04"]
[Round "10.6"]
[White "Abdsattar, Alisher"]
[Black "Balakirev, Nikoly"]
[Result "1-0"]
[WhiteTitle "CM"]
[WhiteElo "2025"]
[BlackElo "1885"]
[WhiteTeam "Chess Ratel"]
[BlackTeam "World Champions Higher School"]
[WhiteFideId "13749358"]
[BlackFideId "4192060"]
[EventDate "2024.08.02"]

1. e4 c5 2. Nf3 Nc6 3. d4 cxd4 4. Nxd4 Nf6 5. Nc3 e6 6. Ndb5 d6 7. Bf4 e5 8. Bg5
a6 9. Na3 b5 10. Nd5 Be7 11. Bxf6 Bxf6 12. c3 Bg5 13. Nc2 O-O 14. h4 Bh6 15. g3
Ne7 16. Bg2 Bb7 17. Ncb4 Nc8 18. O-O a5 19. Nc2 Ne7 20. Nce3 Ra6 21. Nxe7+ Qxe7
22. Nd5 Qd7 23. Qe2 Bxd5 24. exd5 Rb6 25. Kh2 a4 26. Rab1 Qc7 27. b3 Qxc3 28.
bxa4 b4 29. a5 Rbb8 30. Rb3 Qc5 31. Rfb1 Qxa5 32. a3 Rbc8 33. axb4 Qb6 34. Ra3
Ra8 35. Rc3 Rfc8 36. Rc6 Qb8 37. b5 Ra7 38. b6 Rb7 39. Qc2 Rd8 40. Bh3 Kf8 41.
Bc8 Re7 42. b7 g6 43. Ra6 Rc7 44. Qxc7 Qxc7 45. b8=Q Qc5 46. Rb2 Bc1 47. Rc6 1-0

[Event "FIDE World Rapid Team"]
[Site "Almaty KAZ"]
[Date "2024.08.04"]
[Round "10.7"]
[White "Wageih, Kareim"]
[Black "Annaberdiyev, Meylis"]
[Result "0-1"]
[WhiteTitle "IM"]
[BlackTitle "GM"]
[WhiteElo "2402"]
[BlackElo "2431"]
[WhiteTeam "Egypt"]
[BlackTeam "TKM Chess"]
[WhiteFideId "10604561"]
[BlackFideId "14000563"]
[EventDate "2024.08.02"]

1. d4 d5 2. Nf3 Nf6 3. e3 e6 4. Bd3 c5 5. b3 Nc6 6. a3 Ne4 7. Bb2 cxd4 8. exd4
Bd6 9. O-O O-O 10. c4 Qf6 11. Nc3 Nxc3 12. Bxc3 Qh6 13. Qe2 Qh5 14. Rfe1 Bd7 15.
Qd2 dxc4 16. bxc4 Rad8 17. Re4 f5 18. Ree1 Rf6 19. d5 Rg6 20. Be2 Qh3 21. g3 f4
22. Bf1 Qh5 23. Bg2 fxg3 24. hxg3 Bc5 25. Qf4 Rf8 26. Qh4 Qxh4 27. Nxh4 Bxf2+
28. Kh1 Rxg3 29. dxc6 Bxc6 30. Bxc6 bxc6 31. Be5 Bxe1 32. Bxg3 Bxg3 33. Ng2 Rf3
34. a4 h5 35. a5 h4 0-1

[Event "FIDE World Rapid Team"]
[Site "Almaty KAZ"]
[Date "2024.08.04"]
[Round "10.8"]
[White "Turayev, Shahruh"]
[Black "Hassan, Sayed Barakat"]
[Result "1-0"]
[BlackTitle "IM"]
[WhiteElo "2097"]
[BlackElo "2279"]
[WhiteTeam "TKM Chess"]
[BlackTeam "Egypt"]
[WhiteFideId "14003856"]
[BlackFideId "10600299"]
[EventDate "2024.08.02"]

1. d4 Nf6 2. c4 d6 3. Nc3 e5 4. d5 g6 5. g3 Bg7 6. Bg2 O-O 7. e4 c6 8. Nge2 a6
9. O-O cxd5 10. cxd5 b5 11. b4 Bd7 12. h3 Nh5 13. Qb3 f5 14. exf5 gxf5 15. f4
Kh8 16. Kh2 Rg8 17. Be3 Qe8 18. Rf3 Qg6 19. Rg1 e4 20. Rff1 Bc8 21. g4 fxg4 22.
Nxe4 Bf5 23. Ng5 g3+ 24. Kh1 Nd7 25. Nd4 Rge8 26. Nde6 h6 27. Nxg7 Nxg7 28. Ne6
Nxe6 29. dxe6 Nf6 30. Bd4 Rac8 31. Rf3 Kh7 32. Rxg3 Ng4 33. hxg4 Bxg4 34. Rxg4
Qh5+ 1-0

[Event "FIDE World Rapid Team"]
[Site "Almaty KAZ"]
[Date "2024.08.04"]
[Round "10.9"]
[White "Sadek, Sameh"]
[Black "Halynyazov, Vepaly"]
[Result "1-0"]
[WhiteTitle "FM"]
[WhiteElo "2286"]
[BlackElo "2049"]
[WhiteTeam "Egypt"]
[BlackTeam "TKM Chess"]
[WhiteFideId "10602771"]
[BlackFideId "14004020"]
[EventDate "2024.08.02"]

1. d4 d5 2. Nf3 Nf6 3. c4 e6 4. e3 a6 5. Nbd2 c6 6. Bd3 Bd6 7. O-O Nbd7 8. Re1
e5 9. cxd5 cxd5 10. e4 O-O 11. exd5 exd4 12. Ne4 Bb4 13. Re2 Nxd5 14. Qb3 Qa5
15. Nxd4 Nc5 16. Nxc5 Qxc5 17. Re5 Be6 18. Nxe6 fxe6 19. Be3 Qd6 20. Re4 Bc5 21.
Bxc5 Qxc5 22. Rxe6 Rf4 23. Kh1 Rxf2 24. Re5 Kh8 25. Rae1 Rd8 1-0

[Event "FIDE World Rapid Team"]
[Site "Almaty KAZ"]
[Date "2024.08.04"]
[Round "10.10"]
[White "Agajanova, Meryem"]
[Black "Sameh Mohamed, Abdalrahman"]
[Result "0-1"]
[WhiteTitle "WCM"]
[WhiteElo "2007"]
[BlackElo "2259"]
[WhiteTeam "TKM Chess"]
[BlackTeam "Egypt"]
[WhiteFideId "14005930"]
[BlackFideId "54262674"]
[EventDate "2024.08.02"]

1. d4 d5 2. c4 c6 3. Nf3 Nf6 4. Nc3 a6 5. cxd5 cxd5 6. Bg5 Ne4 7. Bf4 Nc6 8. e3
Bf5 9. Qb3 Nxc3 10. Qxc3 e6 11. a3 Be7 12. Bd3 Bg6 13. O-O O-O 14. Rac1 Rc8 15.
Bxg6 hxg6 16. Qd2 Qb6 17. Rc2 Na5 18. Ne5 Qb5 19. Rxc8 Rxc8 20. Rc1 Rxc1+ 21.
Qxc1 Nc4 22. Nxc4 dxc4 23. h3 g5 24. Be5 f6 25. Bc7 Kf7 26. Qd2 b6 27. Bg3 Qb3
28. f3 Bxa3 29. bxa3 c3 30. Qd3 Qb2 31. Be1 c2 32. Bd2 Qb1+ 33. Qf1 b5 34. Kf2
a5 35. Ke2 b4 36. axb4 axb4 37. Qc1 b3 38. Kd3 b2 39. Qxc2 Qf1+ 40. Kc3 b1=Q 41.
Qxb1 Qxb1 42. e4 Qf1 43. d5 exd5 44. exd5 Qxg2 45. Kd4 Qxf3 46. d6 Qxh3 47. Bb4 0-1

[Event "FIDE World Rapid Team"]
[Site "Almaty KAZ"]
[Date "2024.08.04"]
[Round "10.11"]
[White "Wafa, Shrook"]
[Black "Ezizov, Muhammet"]
[Result "1/2-1/2"]
[WhiteTitle "WGM"]
[WhiteElo "2137"]
[BlackElo "1909"]
[WhiteTeam "Egypt"]
[BlackTeam "TKM Chess"]
[WhiteFideId "10609970"]
[BlackFideId "14003759"]
[EventDate "2024.08.02"]

1. e4 e6 2. d4 d5 3. Nc3 Nf6 4. Bg5 Be7 5. Bxf6 Bxf6 6. Nf3 O-O 7. Be2 dxe4 8.
Nxe4 b6 9. Qd2 Bb7 10. Nxf6+ Qxf6 11. O-O-O Nd7 12. h4 Bxf3 13. Bxf3 Rad8 14. h5
c5 15. h6 g6 16. Qe3 cxd4 17. Rxd4 Ne5 18. Rf4 Qh8 19. Be2 Rc8 20. Re4 Nc6 21.
Kb1 Ne7 22. Bc4 Nf5 23. Qf4 Rfd8 24. Rhe1 Nd6 25. Rd4 Nxc4 26. Rxc4 Rxc4 27.
Qxc4 Qe5 28. Rc1 Qg5 29. Qc7 Rf8 30. Qxa7 Qxh6 31. Qxb6 Qg5 32. g3 Qe5 33. b3 h5
34. a4 g5 35. a5 Rb8 36. Qa7 Rb5 37. Rd1 Rxa5 38. Qd4 Qf5 39. Qc3 Rd5 40. Rxd5
Qxd5 41. Qf6 g4 42. Kb2 Qb5 43. c4 Qa5 44. Qc3 Qg5 45. c5 Qf5 46. Qd4 Qf3 47.
Ka3 Qa8+ 48. Kb4 Qb7+ 49. Kc4 Qa6+ 50. Kb4 Qb7+ 51. Ka3 Kf8 52. Qd6+ Ke8 53. b4
Qd7 54. Qb8+ Ke7 55. Qe5 Qd3+ 56. Ka4 Qa6+ 57. Kb3 Qd3+ 58. Qc3 Qd5+ 59. Kb2 Kd7
60. b5 Kc8 61. b6 Kb7 62. Qe3 Kc6 63. Kc3 f5 64. Qd4 Qf3+ 65. Kb4 Qd5 66. Qe3
Kd7 67. Kb5 Qc6+ 68. Ka5 Qa8+ 69. Kb4 Qd5 70. Ka5 Qa8+ 71. Kb5 Qc6+ 72. Kc4 Qa4+
73. Kd3 Qd1+ 74. Qd2 Qxd2+ 75. Kxd2 f4 76. gxf4 h4 77. Ke2 Kc6 78. Kf1 Kb7 79.
Kg2 Kc6 80. Kf1 Kb7 81. Kg1 Kc6 1/2-1/2

[Event "FIDE World Rapid Team"]
[Site "Almaty KAZ"]
[Date "2024.08.04"]
[Round "10.12"]
[White "Sholpanbek, Zhansaya"]
[Black "Allam, Yara"]
[Result "0-1"]
[BlackTitle "WCM"]
[WhiteElo "1752"]
[BlackElo "1920"]
[WhiteTeam "TKM Chess"]
[BlackTeam "Egypt"]
[WhiteFideId "13775111"]
[BlackFideId "10615709"]
[EventDate "2024.08.02"]

1. e4 c5 2. c3 Nf6 3. e5 Nd5 4. d4 cxd4 5. cxd4 e6 6. Nf3 d6 7. Bc4 Nc6 8. O-O
Be7 9. Qe2 O-O 10. Nc3 Nxc3 11. bxc3 dxe5 12. dxe5 Qa5 13. Bd2 Rd8 14. Rab1 a6
15. Qe4 g6 16. h4 h5 17. Rfe1 Qc7 18. Qf4 b5 19. Bb3 Bb7 20. Ng5 Bxg5 21. Qxg5
Qe7 22. Qh6 Qf8 23. Qe3 Na5 24. Qe2 Nxb3 25. Rxb3 Qc5 26. Bg5 Rd7 27. Bf6 Bd5
28. Rd1 Qc6 29. Qe3 Kh7 30. Rb4 Bc4 31. Rbb1 Bxa2 32. Rxd7 Qxd7 33. Qf3 Bd5 34.
Qf4 Rc8 35. Qd4 Qc6 36. Qf4 Qc4 37. Qg5 Qd3 38. Ra1 Rc6 39. Re1 Rxc3 40. Be7 Qf5
41. Qd2 Rc2 42. Qa5 Qxf2+ 0-1

[Event "FIDE World Rapid Team"]
[Site "Almaty KAZ"]
[Date "2024.08.04"]
[Round "10.13"]
[White "Khusnutdinov, Rustam"]
[Black "Yermekov, Kairat"]
[Result "1/2-1/2"]
[WhiteTitle "GM"]
[WhiteElo "2429"]
[BlackElo "2076"]
[WhiteTeam "Helicopter"]
[BlackTeam "VKO Team"]
[WhiteFideId "13701703"]
[BlackFideId "13702203"]
[EventDate "2024.08.02"]

1. e4 e5 2. Nf3 Qe7 3. d4 d6 4. c4 exd4 5. Qxd4 Nc6 6. Qe3 g6 7. Nc3 Bh6 8. Qd3
Bxc1 9. Rxc1 Ne5 10. Nxe5 dxe5 11. Nd5 Qd8 12. Qc3 f6 13. c5 c6 14. Ne3 Be6 15.
Bc4 Qe7 16. Qb3 Bxc4 17. Nxc4 Nh6 18. Nd6+ Kf8 19. O-O Rb8 20. Rfd1 Kg7 21. Rd3
Rhf8 22. Rcd1 Nf7 23. Qa3 Ra8 24. b4 Nxd6 25. Rxd6 Rfd8 26. g3 a6 27. Qa5 Rxd6
28. cxd6 Qd7 29. Kg2 h5 30. h3 Re8 31. a4 f5 32. exf5 gxf5 33. Qc5 h4 34. gxh4
Kf6 35. Kh2 Rg8 36. Re1 Qe6 37. Qc3 Qd5 38. Rg1 Rxg1 39. Kxg1 Qxd6 1/2-1/2

[Event "FIDE World Rapid Team"]
[Site "Almaty KAZ"]
[Date "2024.08.04"]
[Round "10.14"]
[White "Nyshanbayev, Bolat"]
[Black "Gubaydulin, Talgat"]
[Result "0-1"]
[BlackTitle "IM"]
[WhiteElo "2091"]
[BlackElo "2385"]
[WhiteTeam "VKO Team"]
[BlackTeam "Helicopter"]
[WhiteFideId "13704435"]
[BlackFideId "14202174"]
[EventDate "2024.08.02"]

1. c4 e5 2. Nc3 Bb4 3. g3 Bxc3 4. bxc3 d6 5. Bg2 Ne7 6. e4 Nbc6 7. Nf3 O-O 8.
O-O f5 9. exf5 Bxf5 10. d4 Qc8 11. d5 Na5 12. Bg5 Ng6 13. Qa4 b6 14. Nd2 Bh3 15.
Ne4 Qf5 16. f3 Bxg2 17. Kxg2 Rf7 18. Be3 h6 19. c5 dxc5 20. Bxc5 Qd7 21. Qb4
Qxd5 22. Bg1 Raf8 23. Rf2 Nc4 24. Re1 Ne7 25. Rff1 Qc6 26. Qb3 Nf5 27. Re2 Nfd6
28. Qc2 Rf5 29. Ree1 Qd7 30. Qd3 Qc6 31. Re2 Kh8 32. Ree1 Nxe4 33. fxe4 Rxf1 34.
Rxf1 Rxf1 35. Kxf1 Nd6 36. Qd5 Qxc3 37. Kg2 Qc4 38. Qxe5 Qxe4+ 39. Qxe4 Nxe4 40.
Be3 Kg8 41. Kf3 Nd6 42. Kf4 Kf7 43. Bd4 c6 44. a4 g6 45. a5 c5 46. axb6 axb6 47.
Bf2 Ke6 48. g4 Kd5 49. h4 b5 50. h5 g5+ 51. Ke3 Ne4 52. Be1 b4 0-1

[Event "FIDE World Rapid Team"]
[Site "Almaty KAZ"]
[Date "2024.08.04"]
[Round "10.15"]
[White "Rodionov, Adil"]
[Black "Sadybekov, Adilzhan"]
[Result "1-0"]
[WhiteElo "2353"]
[BlackElo "1674"]
[WhiteTeam "Helicopter"]
[BlackTeam "VKO Team"]
[WhiteFideId "13701266"]
[BlackFideId "13764799"]
[EventDate "2024.08.02"]

1. e4 e6 2. d4 d5 3. Nc3 Nf6 4. Bg5 dxe4 5. Nxe4 Be7 6. Bxf6 Bxf6 7. Nf3 Bd7 8.
Bc4 Bc6 9. Qe2 Nd7 10. d5 Ba4 11. dxe6 fxe6 12. O-O-O Qe7 13. Nxf6+ gxf6 14.
Qxe6 Qxe6 15. Bxe6 O-O-O 16. Rd4 Bb5 17. Rhd1 Rhe8 18. Bf5 c5 19. Rh4 Re7 20.
Rxh7 Rxh7 21. Bxh7 Kc7 22. Bf5 Rg8 23. g3 Nb6 24. Re1 Bc6 25. Nd2 Rg5 26. g4 Bd7
27. h4 Rg7 28. Bxd7 Nxd7 29. f3 Ne5 30. h5 Kd7 31. Ne4 Ke6 32. Nxc5+ Kd5 33. Ne4
Rf7 34. Rd1+ Ke6 35. Nc5+ Ke7 36. f4 Nxg4 37. Rd7+ Ke8 38. Rxb7 Ne3 39. Kd2 Nd5
40. Rxf7 Kxf7 41. Nd3 Kg7 42. c4 Nc7 43. Ke3 Kh6 44. Ke4 Kxh5 45. Kf5 Ne8 46. c5
Kh6 47. c6 Kg7 48. Ke6 Nc7+ 49. Kd7 Nd5 50. c7 Kg6 51. c8=Q Nb6+ 52. Kc7 Nxc8
53. Kxc8 Kf5 54. Kb7 Ke4 55. Nc5+ Kxf4 56. Kxa7 Ke3 57. b4 f5 58. Ne6 1-0

[Event "FIDE World Rapid Team"]
[Site "Almaty KAZ"]
[Date "2024.08.04"]
[Round "10.16"]
[White "Serikov, Merey"]
[Black "Primbetov, Kazbek"]
[Result "0-1"]
[BlackTitle "FM"]
[WhiteElo "1616"]
[BlackElo "2059"]
[WhiteTeam "VKO Team"]
[BlackTeam "Helicopter"]
[WhiteFideId "13734067"]
[BlackFideId "13702297"]
[EventDate "2024.08.02"]

1. d4 Nf6 2. c4 g6 3. Nc3 Bg7 4. e4 d6 5. Nf3 O-O 6. Be2 Nc6 7. Be3 e5 8. d5 Ne7
9. O-O Ng4 10. Bg5 h6 11. Bc1 f5 12. Nd2 Nf6 13. f3 f4 14. b4 g5 15. c5 Rf7 16.
Nc4 Ng6 17. cxd6 cxd6 18. Nb5 Bf8 19. a4 h5 20. h3 Rg7 21. Bd2 g4 22. hxg4 hxg4
23. fxg4 Nh4 24. g5 Rxg5 25. Rf2 Nxe4 26. Bf3 Nxf2 27. Kxf2 Nxf3 28. Qxf3 Bg4
29. Qe4 Bf5 30. Qf3 Rc8 31. Nca3 a6 32. Nc3 Qb6+ 33. Ke2 Bg4 34. Ne4 Bxf3+ 35.
Kxf3 Rg6 36. Rh1 Qd4 37. Rh3 Qd3+ 38. Kf2 Qxe4 39. Rf3 Qxd5 40. Nb1 Rc2 41. Ke1 0-1

[Event "FIDE World Rapid Team"]
[Site "Almaty KAZ"]
[Date "2024.08.04"]
[Round "10.17"]
[White "Kovanova, Mariya"]
[Black "Tulekenova, Aiza"]
[Result "0-1"]
[WhiteTitle "WFM"]
[WhiteElo "2118"]
[BlackElo "1581"]
[WhiteTeam "Helicopter"]
[BlackTeam "VKO Team"]
[WhiteFideId "13704818"]
[BlackFideId "13763881"]
[EventDate "2024.08.02"]

1. e4 c5 2. d4 cxd4 3. Qxd4 Nf6 4. Nc3 d6 5. Nf3 g6 6. Be2 Bg7 7. O-O O-O 8. h3
a6 9. Qd3 Nbd7 10. Be3 b5 11. a3 Bb7 12. Rad1 Rc8 13. Rfe1 Nb6 14. e5 Ne8 15.
exd6 Nxd6 16. Bd4 Nf5 17. Bxg7 Kxg7 18. Nd4 Nxd4 19. Qxd4+ Kg8 20. Qh4 Qc7 21.
Bg4 e6 22. Bf3 Bxf3 23. gxf3 Kg7 24. Ne4 f6 25. Re2 Rcd8 26. Red2 Rxd2 27. Rxd2
Nc4 28. Rd3 Ne5 29. Re3 Qxc2 30. Kg2 Qxb2 31. Rc3 Nc4 32. Rd3 Rf7 33. Rd8 Ne3+
34. Kh2 Nf5 35. Qf4 e5 36. Qd2 Qxa3 37. Rd3 Qe7 38. Qa2 Qa7 39. Kg2 Nd4 40. Ra3
b4 41. Rxa6 Qb7 42. Ra5 b3 43. Qb2 Qb4 44. Ra3 Rc7 45. Ra6 Rc2 46. Qb1 b2 47.
Ra7+ Kh6 48. Nxf6 Rxf2+ 49. Kxf2 Qd2+ 50. Kg3 Qf4+ 51. Kg2 Qxf3+ 52. Kh2 Qe2+
53. Kh1 Qf3+ 54. Kh2 Qf4+ 55. Kh1 Qc1+ 56. Kg2 Qxb1 57. h4 Qc2+ 58. Kh3 Qf5+ 59.
Ng4+ Qxg4+ 60. Kxg4 b1=Q 0-1

[Event "FIDE World Rapid Team"]
[Site "Almaty KAZ"]
[Date "2024.08.04"]
[Round "10.19"]
[White "Serikgali Daulet"]
[Black "Ten, Viktor"]
[Result "0-1"]
[WhiteElo "1571"]
[BlackElo "2236"]
[WhiteTeam "Abai's Gambit Pioneers"]
[BlackTeam "Chess Mates"]
[WhiteFideId "13780468"]
[BlackFideId "13700820"]
[EventDate "2024.08.02"]

1. e4 e6 2. d4 d5 3. e5 c5 4. c3 Qb6 5. Nf3 Nc6 6. a3 c4 7. Nbd2 Na5 8. g3 Bd7
9. Bg2 Ne7 10. O-O h5 11. Rb1 Nb3 12. Ng5 Nf5 13. Nxb3 Qxb3 14. Qxb3 cxb3 15.
Be3 Bb5 16. Rfc1 Rc8 17. h4 Nxe3 18. fxe3 Be7 19. Nf3 a5 20. Nd2 Bd3 21. Ra1 Bc2
22. e4 g5 23. exd5 gxh4 24. gxh4 Bxh4 25. dxe6 fxe6 26. Ne4 Ke7 27. Rf1 Rcg8 28.
Nf6 Rg6 29. Kh1 b6 30. d5 Bxf6 31. exf6+ Rxf6 32. Rxf6 Kxf6 33. Rf1+ Bf5 34.
dxe6 Kxe6 35. c4 Bg4 36. Re1+ Kd6 37. Re3 a4 38. Re4 Kc5 39. Kh2 Rd8 40. Re5+
Kxc4 41. Re4+ Kd3 42. Rxa4 Kc2 43. Rb4 Rd6 44. Rb5 Kxb2 45. Bd5 Rxd5 46. Rxd5
Kxa3 47. Rb5 b2 48. Rxb6 Bf5 49. Ra6+ Kb3 50. Rb6+ Kc3 51. Rc6+ Kd2 52. Rd6+ Ke3
53. Rb6 b1=Q 54. Rxb1 Bxb1 55. Kg3 Bf5 56. Kh4 Bg4 57. Kg3 Ke4 58. Kh4 Kf5 59.
Kg3 Kg5 60. Kh2 h4 61. Kg2 Bc8 0-1

[Event "FIDE World Rapid Team"]
[Site "Almaty KAZ"]
[Date "2024.08.04"]
[Round "10.20"]
[White "Bolat, Inayat"]
[Black "Almazuly, Azamat"]
[Result "1-0"]
[WhiteTitle "FM"]
[WhiteElo "2264"]
[BlackElo "1720"]
[WhiteTeam "Chess Mates"]
[BlackTeam "Abai's Gambit Pioneers"]
[WhiteFideId "13733125"]
[BlackFideId "447002646"]
[EventDate "2024.08.02"]

1. e4 c5 2. Nf3 Nc6 3. Bb5 g6 4. O-O Bg7 5. c3 e5 6. d4 cxd4 7. cxd4 exd4 8. Bf4
a6 9. Ba4 Nge7 10. Bd6 O-O 11. e5 Re8 12. Bb3 Nf5 13. Nbd2 b5 14. Ne4 Nxe5 15.
Bd5 Nc6 16. Nfg5 Re6 17. Bc5 Bb7 18. Rc1 Rc8 19. g4 Nfe7 20. Nxf7 Nxd5 21. Nxd8
Rxd8 22. Re1 Rde8 23. f3 Ne5 24. Nd6 Ne3 25. Rxe3 dxe3 26. Nxb7 Bh6 27. Qe2
Nxf3+ 28. Qxf3 e2 29. Re1 Bd2 30. Rxe2 Rxe2 31. Qd5+ Kg7 32. Qxd7+ Kh6 33. Nd6
R8e7 34. Nf7+ Kg7 35. Bxe7 1-0

[Event "FIDE World Rapid Team"]
[Site "Almaty KAZ"]
[Date "2024.08.04"]
[Round "10.21"]
[White "Kalikhan, Abilmansur"]
[Black "Skak, Abuali"]
[Result "0-1"]
[WhiteElo "1670"]
[BlackElo "1969"]
[WhiteTeam "Abai's Gambit Pioneers"]
[BlackTeam "Chess Mates"]
[WhiteFideId "447010908"]
[BlackFideId "13739026"]
[EventDate "2024.08.02"]

1. f4 d5 2. Nf3 Nf6 3. e3 e6 4. b3 Bd6 5. Bb2 O-O 6. Be2 c5 7. O-O Nc6 8. h3 b6
9. d4 cxd4 10. exd4 Bxf4 11. Ne5 Be3+ 12. Kh1 Nxe5 13. dxe5 Ne4 14. Qe1 Qg5 15.
Rf3 Bf4 16. Bd3 Bxe5 17. Bxe5 Qxe5 18. Nd2 f5 19. Rd1 Bb7 20. Qh4 Rf6 21. Bxe4
fxe4 22. Rg3 Raf8 23. Rg5 Rf5 24. Rg4 Qf6 25. Qg3 Rf4 26. Rxf4 Qxf4 27. Qxf4
Rxf4 28. Kh2 Rf2 29. c4 e3 30. Nf3 d4 31. Kg3 Bxf3 32. gxf3 Rd2 33. Re1 e2 34.
Kf2 d3 35. b4 Rc2 0-1

[Event "FIDE World Rapid Team"]
[Site "Almaty KAZ"]
[Date "2024.08.04"]
[Round "10.22"]
[White "Akhmedya, Madyar"]
[Black "Raipov, Alinur"]
[Result "1-0"]
[WhiteElo "1786"]
[BlackElo "1504"]
[WhiteTeam "Chess Mates"]
[BlackTeam "Abai's Gambit Pioneers"]
[WhiteFideId "13739727"]
[BlackFideId "13763814"]
[EventDate "2024.08.02"]

1. e4 e6 2. d4 d5 3. Nd2 Nf6 4. e5 Nfd7 5. Ngf3 c5 6. c3 Nc6 7. Bd3 Qb6 8. O-O
cxd4 9. cxd4 Nxd4 10. Nxd4 Qxd4 11. Nf3 Qb6 12. Qa4 Be7 13. Qg4 g6 14. a3 Nc5
15. Bc2 Nb3 16. Qa4+ Bd7 17. Qxb3 Qc7 18. Be3 a6 19. Rac1 Bc6 20. Bb6 Qd7 21.
Nd4 Rb8 22. Bd3 Bg5 23. f4 Bh6 24. Bc5 g5 25. Nxc6 Qxc6 26. Bd6 Qd7 27. Bxb8 O-O
28. Bd6 Re8 29. Rc7 Qd8 30. Qxb7 gxf4 31. Rxf7 Qg5 32. Rxh7 Bg7 33. Qd7 1-0

[Event "FIDE World Rapid Team"]
[Site "Almaty KAZ"]
[Date "2024.08.04"]
[Round "10.23"]
[White "Kiribayeva, Togzhan"]
[Black "Akhmediyar, Yernur"]
[Result "0-1"]
[WhiteElo "1544"]
[BlackElo "1853"]
[WhiteTeam "Abai's Gambit Pioneers"]
[BlackTeam "Chess Mates"]
[WhiteFideId "13739263"]
[BlackFideId "13732129"]
[EventDate "2024.08.02"]

1. e4 c5 2. Nc3 Nc6 3. Nge2 g6 4. g3 Bg7 5. Bg2 d6 6. O-O e6 7. d3 Nge7 8. Be3
O-O 9. Qd2 Re8 10. f4 Nd4 11. g4 f5 12. h3 Nec6 13. Bf2 Rb8 14. Ng3 Rf8 15. g5
b5 16. h4 b4 17. Nd1 Bd7 18. h5 a5 19. c3 bxc3 20. bxc3 Nb5 21. a4 Nc7 22. d4
cxd4 23. cxd4 Rb4 24. e5 d5 25. Nc3 Qa8 26. Rfb1 Rfb8 27. Qc2 Qb7 28. Rxb4 axb4
29. Nd1 Na5 30. Bf1 Bf8 31. Nb2 b3 32. Qd1 Na6 33. Be1 Nb4 34. Rb1 Qb6 35. Ne2
Nc2 36. Bc3 Ba3 37. Nc1 Ne3 38. Bxa5 Nxd1 39. Bxb6 Nc3 40. Ncd3 Nxb1 41. a5 Bb5
42. Bc5 Ra8 43. Bxa3 Nxa3 44. Nc5 Bxf1 45. Kxf1 Nc4 46. Ncd3 Nxb2 47. Nxb2 Rxa5
48. Ke1 Ra2 49. Nd1 b2 50. Nc3 Ra3 51. Nb1 Ra1 0-1

[Event "FIDE World Rapid Team"]
[Site "Almaty KAZ"]
[Date "2024.08.04"]
[Round "10.24"]
[White "Muratova, Saltanat"]
[Black "Amangaliyev, Dauletkhan"]
[Result "1/2-1/2"]
[WhiteElo "1845"]
[BlackElo "1531"]
[WhiteTeam "Chess Mates"]
[BlackTeam "Abai's Gambit Pioneers"]
[WhiteFideId "13705776"]
[BlackFideId "447022361"]
[EventDate "2024.08.02"]

1. e4 c5 2. Nc3 Nc6 3. f4 d6 4. Nf3 e5 5. fxe5 dxe5 6. Bc4 Nf6 7. d3 Bg4 8. O-O
Be7 9. Nd5 O-O 10. c3 Qd6 11. Qe1 Nxd5 12. Bxd5 Be6 13. c4 Nb4 14. Qe2 Rab8 15.
a3 Nc6 16. Be3 Nd4 17. Bxd4 cxd4 18. b4 Bxd5 19. exd5 f6 20. Rae1 Rfe8 21. Qe4
Rbd8 22. Nh4 Qd7 23. Rf3 Bf8 24. Nf5 a5 25. Rg3 axb4 26. axb4 g6 27. Nh4 Re7 28.
Rf1 Qd6 29. c5 Qxd5 30. Qxd5+ Rxd5 31. Rxf6 Bg7 32. Rf1 e4 33. dxe4 Rxe4 34. Nf3
d3 35. Nd2 Rxb4 36. Kh1 Be5 37. Re3 Bf4 38. Re8+ Kg7 39. Re7+ Kh6 40. Ne4 d2 41.
Nc3 Rdd4 42. g3 Bg5 43. Re6 Rdc4 44. Nd1 Rb1 45. h4 Rcc1 46. hxg5+ Kxg5 47. Re5+
Kh6 48. Kg2 Rxd1 49. Rxd1 Rxd1 50. Rd5 Rc1 51. Rxd2 Rxc5 52. Kf3 Re5 53. Kf4
Rf5+ 54. Ke4 Kg5 55. Rd7 h5 56. Rxb7 Ra5 57. Kf3 Ra3+ 58. Kg2 Ra2+ 59. Kh3 Rf2
60. Rb5+ Kh6 61. Rb6 Rf5 62. Rc6 Kg5 63. Rb6 Rf6 64. Rb5+ Kh6 65. Ra5 g5 66. Rb5
Kg6 67. Rc5 Re6 68. Rb5 Rd6 69. Rc5 Rb6 70. Rd5 Kf6 71. Rc5 Ra6 72. Rb5 Rc6 73.
Ra5 Re6 74. Rb5 Re5 75. Rb8 Kf5 76. Rf8+ Ke4 77. Rh8 Kf3 78. Rf8+ Ke3 79. Rh8
Kf2 1/2-1/2

[Event "FIDE World Rapid Team"]
[Site "Almaty KAZ"]
[Date "2024.08.04"]
[Round "10.25"]
[White "von Gleich, Alexander"]
[Black "Williams, Justus"]
[Result "0-1"]
[WhiteTitle "FM"]
[BlackTitle "IM"]
[WhiteElo "2214"]
[BlackElo "2361"]
[WhiteTeam "Chess Dream"]
[BlackTeam "Kazakhstan dream team"]
[WhiteFideId "4603869"]
[BlackFideId "2049929"]
[EventDate "2024.08.02"]

1. Nf3 Nf6 2. c4 g6 3. Nc3 Bg7 4. e4 d6 5. d4 O-O 6. Be2 Nbd7 7. O-O e5 8. Re1
c6 9. Bf1 exd4 10. Nxd4 Re8 11. f3 Ne5 12. Bg5 Qb6 13. Be3 Qc7 14. Qd2 b6 15.
Rad1 Bb7 16. h3 Rad8 17. Bg5 a6 18. Qf4 Qe7 19. Qh4 Ned7 20. Nc2 Qf8 21. Bf4 d5
22. e5 Nh5 23. Bg5 Rc8 24. f4 h6 0-1

[Event "FIDE World Rapid Team"]
[Site "Almaty KAZ"]
[Date "2024.08.04"]
[Round "10.26"]
[White "Ishmukhametov, Adil"]
[Black "Bulatov, Ramil"]
[Result "1-0"]
[WhiteElo "2077"]
[BlackElo "2137"]
[WhiteTeam "Kazakhstan dream team"]
[BlackTeam "Chess Dream"]
[WhiteFideId "13700170"]
[BlackFideId "4166140"]
[EventDate "2024.08.02"]

1. e4 e6 2. d4 d5 3. exd5 exd5 4. Bd3 Nc6 5. c3 Bd6 6. Qf3 Nf6 7. h3 Ne4 8. Ne2
O-O 9. O-O Ne7 10. Bf4 Ng6 11. Bxd6 Qxd6 12. Bxe4 dxe4 13. Qg3 Qb6 14. b3 f5 15.
Nf4 Nxf4 16. Qxf4 Qd6 17. Qxd6 cxd6 18. c4 Bd7 19. Nc3 Rac8 20. f3 b5 21. fxe4
bxc4 22. Nd5 Rce8 23. exf5 Bxf5 24. bxc4 Bd3 25. Rxf8+ Kxf8 26. Rc1 Re4 27. Nb4
Be2 28. Nc6 a6 29. c5 dxc5 30. dxc5 Bb5 31. Na7 Re7 32. Nxb5 axb5 33. Rb1 Re2
34. Rxb5 Rxa2 35. Rb8+ Kf7 36. Rb7+ Kf6 37. c6 Rc2 38. Rc7 h5 39. h4 g6 40. Kh2
Rc3 41. Rc8 Kf7 42. Kg1 Rc2 43. Kh1 Kg7 44. Kh2 Rc3 45. Rc7+ Kf6 46. Kg1 Rc2 47.
Rc8 Kg7 48. Kh1 Kf7 49. Kh2 Rc3 50. Kg1 Rc2 51. Kf1 Kg7 52. g3 Kh7 53. Rc7+ Kg8
54. Ke1 Kf8 55. Kd1 Rc4 56. Kd2 Ke8 57. Rc8+ Ke7 58. Ke3 Rg4 59. Kf2 Kd6 60. Kf3
Kc5 61. Rf8 Kxc6 62. Rf4 Kd6 63. Rxg4 hxg4+ 64. Kxg4 Ke6 65. Kg5 Kf7 66. Kh6 Kf6
67. g4 1-0